000 00843nam a2200277 c 4500
003 BLK
005 20181012141251.0
008 180408b bul|||||r ||||||| ||bul||
010 _aKNG00043285000
020 _a0-586-09241-2
_bиздат.: Flamingo
040 _aBLK
041 _aENG
_cENG
080 _aАнглийска литература
_b821.111
_x-32
_z821.111-32
100 1 _aSillitoe, Alan
_eпърви автор
_924455
139 _aSillitoe, Alan
_bS 60
245 1 0 _aThe Loneliness of the Long Distance Runner
_cAlan Sillitoe.
257 _aGBR
260 London
_bFlamingo
_c1994
300 _a174 c.
_c20 cm
380 _aX
852 _aЦб 184079
856 4 _qpdf
_u
856 4 _qpdf
_u
942 _cKNG
_n0
_01
944 _aCR
_c15.01.2003
_kВалентина_Караджова
944 _aED
_c06.02.2016
_kТеодора_Стоянова
999 _c39902
_d39902